|
|
|
|
| LEADER |
00000cam a22000002c 4500 |
| 001 |
1840045086 |
| 003 |
DE-627 |
| 005 |
20250625095416.0 |
| 007 |
cr uuu---uuuuu |
| 008 |
230324s2015 xx |||||o 00| ||eng c |
| 024 |
7 |
|
|a 10.3886/ICPSR35308.v1
|2 doi
|
| 035 |
|
|
|a (DE-627)1840045086
|
| 035 |
|
|
|a (DE-599)KXP1840045086
|
| 040 |
|
|
|a DE-627
|b ger
|c DE-627
|e rda
|
| 041 |
|
|
|a eng
|
| 084 |
|
|
|a 2,1
|2 ssgn
|
| 100 |
1 |
|
|a Newton, Phyllis J.
|e VerfasserIn
|4 aut
|
| 245 |
1 |
0 |
|a Finding Victims of Human Trafficking, 2005-2008 (United States)
|
| 264 |
|
1 |
|a [Erscheinungsort nicht ermittelbar]
|b [Verlag nicht ermittelbar]
|c 2015
|
| 336 |
|
|
|a Text
|b txt
|2 rdacontent
|
| 337 |
|
|
|a Computermedien
|b c
|2 rdamedia
|
| 338 |
|
|
|a Online-Ressource
|b cr
|2 rdacarrier
|
| 520 |
|
|
|a This study was a response to the Trafficking Victims Protection Reauthorization Act passed by Congress in 2005, which called for a collection of data; a comprehensive statistical review and analysis of human trafficking data; and a biennial report to Congress on sex trafficking and unlawful commercial sex acts. It examined the human trafficking experiences (and to a lesser extent commercial sex acts) among a random sample of 60 counties across the United States. In contrast to prior research that had examined the issue from a federal perspective, this study examined experiences with human trafficking at the local level across the United States. The specific aims of the research were to: <ol> <li> Identify victims and potential victims of domestic labor and sex trafficking; </li> <li> Determine whether they have been identified as victims by law enforcement; and </li> <li> Explore differences between sex trafficking and unlawful commercial sex. </li> </ol> To achieve these goals the researchers collected data through telephone interviews with local law enforcement, prosecutors, and service providers; a mail-out statistical survey completed by knowledgeable officials in those jurisdictions; and an examination of case files in four local communities. This latter effort consisted of reviewing incident and arrest reports and charging documents for a variety of offenses that might have involved criminal conduct with characteristics of human trafficking. Through this method, the researchers not only gained a sense of how local authorities handled these types of cases but also the ways in which trafficking victims "fall through the cracks" in the interfaces between local and federal judicial systems as well as among local, state, and federal law enforcement and social service systems.
|
| 540 |
|
|
|a ICPSR Terms of Use
|
| 650 |
|
4 |
|a Human Trafficking
|
| 650 |
|
4 |
|a Sex trafficking
|
| 650 |
|
4 |
|a Sexual exploitation
|
| 650 |
|
4 |
|a Victims
|
| 655 |
|
7 |
|a Forschungsdaten
|0 (DE-588)1098579690
|0 (DE-627)857755366
|0 (DE-576)469182156
|2 gnd-content
|
| 700 |
1 |
|
|a Martin, Susan E.
|e MitwirkendeR
|4 ctb
|
| 700 |
1 |
|
|a Mulcahy, Timothy M.
|e MitwirkendeR
|4 ctb
|
| 787 |
0 |
8 |
|i Forschungsdaten zu
|a Newton, Phyllis J.
|t Finding Victims of Human Trafficking
|d University of Chicago, National Opinion Research Center, 2008
|w (DE-627)1912559935
|
| 856 |
4 |
0 |
|u https://doi.org/10.3886/ICPSR35308.v1
|x Resolving-System
|z kostenfrei
|3 Volltext
|7 0
|
| 935 |
|
|
|a mkri
|
| 951 |
|
|
|a BO
|
| ELC |
|
|
|a 1
|
| LOK |
|
|
|0 000 xxxxxcx a22 zn 4500
|
| LOK |
|
|
|0 001 4296792423
|
| LOK |
|
|
|0 003 DE-627
|
| LOK |
|
|
|0 004 1840045086
|
| LOK |
|
|
|0 005 20230324125149
|
| LOK |
|
|
|0 008 230324||||||||||||||||ger|||||||
|
| LOK |
|
|
|0 035
|a (DE-2619)ICPSR35308
|
| LOK |
|
|
|0 040
|a DE-2619
|c DE-627
|d DE-2619
|
| LOK |
|
|
|0 092
|o n
|
| LOK |
|
|
|0 852
|a DE-2619
|
| LOK |
|
|
|0 852 1
|9 00
|
| LOK |
|
|
|0 935
|a foda
|a nacj
|
| LOK |
|
|
|0 939
|a 24-03-23
|b l01
|
| OAS |
|
|
|a 1
|
| ORI |
|
|
|a SA-MARC-krimdoka001.raw
|